Scrabble Generator Puzzle #7 - Statistics

General Stats
  • This quiz has been taken 1,121 times
  • The average score is 14 of 24
Answer Stats
Answer % Correct
Consume Eat
89%
Little __-Peep Bo
87%
Genetic material DNA
82%
Sound rebound Echo
80%
Quit one's job Resign
80%
Santa __, NM Fe
77%
Hinged fence door Gate
76%
African country Niger
74%
U.S. soldier G.I.
70%
Bedouin, wanderer Nomad
65%
Subsequent to After
64%
Horse's bridle strap Rein
62%
Mild Dutch cheese Edam
60%
Duplicates, apes Copies
57%
Vietnamese soup Pho
57%
BINGO ABDOMEN
40%
Author Lovecraft H.P.
39%
Patient sorting Triage
34%
Extent, breadth Scope
33%
BINGO SYRINGE
30%
BINGO FRIGATE
28%
Italian city Modena
26%
Japan's capital? Yen
23%
BINGO HOSPICE
18%
No matching quizzes found
Score Distribution
Percent of People with Each Score
Percentile by Number Answered
Your Score History
You have not taken this quiz